000 00537nam a2200193Ia 4500
003 GCL
008 140319s9999 xx 000 0 eng d
040 _aGCL /
_cGCL
082 0 4 _a665.5
_bO E
100 1 _aORSZULIK, S.T
245 1 0 _aENVIRONMENTAL TECHNOLOGY IN THE OIL INDUSTRY /
_cORSZULIK, S.T
260 _a[S.N] :
_bBLACKIE ACADEMIC & PROFESSIONAL ،
_c1997
300 _a400 P
650 0 4 _aENVIRONMENTAL ENGINEERING
650 0 4 _aPETROLEUM - INDUSTRY
650 0 4 _aOILS
650 0 4 _aPETROLEUM PRODUCTS
942 _2ddc
_cBK
999 _c16265
_d16265